Huracán corazón del cielo

Պահպանված է:
Մատենագիտական մանրամասներ
Հիմնական հեղինակ: Galich, Franz
Ձևաչափ: Գիրք
Լեզու:Undetermined
Հրապարակվել է: Managua, Nicaragua Signo editores 1995
Խորագրեր:
Ցուցիչներ: Ավելացրեք ցուցիչ
Չկան պիտակներ, Եղեք առաջինը, ով նշում է այս գրառումը!

MARC

LEADER 00000nam a2200000Ia 4500
008 170316s9999 xx 000 0 und d
040 |a cru BVZT 
090 |a 860 G-2.1h 
100 |a Galich, Franz 
245 |a Huracán corazón del cielo 
260 |a Managua, Nicaragua 
260 |b Signo editores 
260 |c 1995 
300 |a 166 páginas 
650 |a LITERATURA LATINOAMERICANA 
650 |a NOVELA NICARAGÜENSE 
999 |c 8725  |d 8725 
942 |c 15 D  |h 860 G-2.1h  |2 z